Welcome to the Holygrace Academy Library

Please use search bar below to get started

KNOW YOUR INDIA (Record no. 6128)

MARC details
000 -LEADER
fixed length control field 00260nam a22001217a 4500
082 ## - DEWEY DECIMAL CLASSIFICATION NUMBER
Classification number 001
Item number SIL/K
100 ## - MAIN ENTRY--AUTHOR NAME
Personal name SILAS, SANDEEP
245 ## - TITLE STATEMENT
Title KNOW YOUR INDIA
260 ## - PUBLICATION, DISTRIBUTION, ETC. (IMPRINT)
Place of publication DELHI
Name of publisher STERILING PUBLISHERS
300 ## - PHYSICAL DESCRIPTION
Number of Pages 158
650 ## - SUBJECT ADDED ENTRY--TOPICAL TERM
Topical Term GK - INDIA
Geographic subdivision DELHI
942 ## - ADDED ENTRY ELEMENTS (KOHA)
Koha item type Books
Holdings
Withdrawn status Lost status Collection code Home library Current library Shelving location Date acquired Source of acquisition Full call number Accession Number Koha item type
    Fiction Main Library Main Library   09/10/2006 PURCHASE 001 SIL/K 01000 Books